02272agaaa2200325 45000010005000000030009000050050017000140070009000310080040000400400023000800410013001031000044001161300032001602400032001922450198002242460025004222500022004472600149004693000033006185080173006515110094008245200712009185380016016305460013016466500057016597000057017167000060017737000057018337000056018907359IT-RoPAU20220918181228.0d cvaizq50131s9999||||xx ||| | || ||und|| aIT-RoPAUcIT-RoPAU aITALIANO aYuan ZhanggCodice regista SPICS: 58927 aGUERRA DEI FIORI ROSSI (LA) aKAN SHANG QU HEN MEIgT3676 aGUERRA DEI FIORI ROSSI (LA)cProdotto da: Bolun Li Chan Allen -- Sceneggiatura: Dai Ning Yuan Zhang -- Diretto da: Yuan ZhangpGUERRA DEI FIORI ROSSI (LA) (Rif. Codice opera principale : H7359) aKAN SHANG QU HEN MEI aEdizione Standard a(CINA - ITALIA)bDOWNTOWN PICTURES - BEIJING CENTURY GOOD / Distribuzione: MULTIMEDIA SAN PAOLOg"2005 (1° ed.: 2007 ; Ed. Lingua Orig.: 2005)" aDVDbsonoro, col.c92 minuti a"Fotografia: Tao Yang; Montaggio: Quadri Iacopo; Musica: Crivelli Carlo; Sceneggiatura: Dai Ning Yuan Zhang; Scenografia: Tingxiao Huo; Soggetto: Shuo Wang -- Dai Ning" a"Bowen Dong; Yuanyuan Ning; Manyuan Chen; Rui Zhao; Xiaofeng Li; Insegnanti; E; Alunni.." a"IL FILM RACCONTA UN ANNO DELLA VITA DI QUIANG, UN BAMBINO DI 4 ANNI. I GENITORI SONO SPESSO VIA PER LAVORO E SUA NONNA, CHE SI PRENDE CURA DI LUI, STA PER TORNARE A VIVERE IN CAMPAGNA. QUIANG SI DOVRA' ADATTARE A VIVERE IN UN ASILO A TEMPO PIENO DI PECHINO. LA SUA CLASSE E' GIUDATA DA DUE MAESTRE -LA SEVERA SIGNORINA LI E LA SUA ASSISTENTE SIGNORINA TANG, CHE INVECE E' MOLTO PIU' GENTILE E COMPRENSIVA. MA QUIANG E' UN PICCOLO RIBELLE CON DUE OCCHI FURBI E CURIOSI, E NON SI ADATTA ALLA VITA COLLETTIVA DI UN ASILO CINESE, ORGANIZZATA E PIANIFICATA IN OGNI MINIMO DETTAGLIO. CONTENUTI SPECIALI: BACKSTAGE; INTERVISTA A MARCO MULLER DIRETTORE ARTISTICO DEL FESTIVAL INTERNAZIONALE DEL CINEMA DI VENEZIA." aPAL, STEREO aITALIANO aCOMMEDIAeDVD-FILM [DVD]xCodice MATERIA SPICS: 9947 aCrivelli Carloe(musica)gCodice Musica SPICS: 53900 aDai Ning e(soggetto)gCodice Soggetto 2° SPICS: 58929 aShuo Wang e(soggetto)gCodice Soggetto SPICS: 58928 aYuan Zhang e(regista)gCodice regista SPICS: 58927